Régimen de retención cuarta categoría (Registro nro. 35184)

Detalles MARC
000 -LEADER
fixed length control field 00304 a2200109 4500
001 - CONTROL NUMBER
control field ART_51809
005 - DATE AND TIME OF LATEST TRANSACTION
control field 20260410162044.0
008 - FIXED-LENGTH DATA ELEMENTS--GENERAL INFORMATION
fixed length control field 260409a
100 1# - MAIN ENTRY--PERSONAL NAME
Personal name Baldo, Alberto
245 10 - TITLE STATEMENT
Title Régimen de retención cuarta categoría
773 0# - HOST ITEM ENTRY
Title Impuestos
Related parts - N°87 (nov. 2020)
Record control number REV45175

No hay ítems disponibles.